| 000 | 00468cam a22001577a 4500 | ||
|---|---|---|---|
| 008 | 180718b2005 xxu||||| |||| 00| 0 eng d | ||
| 020 | _a8178815451 | ||
| 082 | _aT19x54 R18i | ||
| 245 |
_aIndia: an emerging economic powerhouse _cedited by N. Janardhan Rao |
||
| 260 |
_aHyderabad _bICFAI Univ. Press _c2005 |
||
| 300 | _a233p. | ||
| 650 | _aGlobalization | ||
| 650 | _aEconomic reform - India | ||
| 650 | _aIndia - Economic conditions | ||
| 700 | _aRao, N. Janardhan | ||
| 999 |
_c404893 _d404893 |
||